मानवाधिकार संघर्ष, संधर्भ एवं निवारण : (Record no. 206945)

MARC details
000 -LEADER
fixed length control field 00998nam a22001937a 4500
010 ## - LCCN (DPL NO)
LC control number HIN-128763
020 ## - INTERNATIONAL STANDARD BOOK NUMBER
International Standard Book Number 9788185255456
Terms of availability 895.00
035 ## - SYSTEM CONTROL NUMBER
System control number HN-101109
037 ## - SOURCE OF ACQUISITION
Stock number DBAD
082 ## - DEWEY DECIMAL CLASSIFICATION NUMBER
Classification number 323.4
100 ## - MAIN ENTRY--PERSONAL NAME
Personal name गुप्त, कैलाश नाथ
245 ## - TITLE STATEMENT
Title मानवाधिकार संघर्ष, संधर्भ एवं निवारण :
Remainder of title राष्ट्रीय मानव अधिकार आयोग, भारत सरकार पुरस्कृत/
Statement of responsibility, etc कैलाश नाथ गुप्त
250 ## - EDITION STATEMENT
Edition statement द्वितीय
260 ## - PUBLICATION, DISTRIBUTION, ETC. (IMPRINT)
Place of publication, distribution, etc दिल्ली
Name of publisher, distributor, etc अभिव्यक्ति प्रकाशन
Date of publication, distribution, etc 2021
270 ## - ADDRESS
Address 29/61, गली नं. 11, विश्वास नगर
City दिल्ली
Postal code 110032
Telephone number 9873223977
300 ## - PHYSICAL DESCRIPTION
Extent 320पृ.
Dimensions 23सेमी (सजिल्द)
700 ## - ADDED ENTRY--PERSONAL NAME
Personal name शाह, सरिता
9 (RLIN) 73807
942 ## - ADDED ENTRY ELEMENTS (KOHA)
Source of classification or shelving scheme Dewey Decimal Classification
Item type Hindi Books
Classification part 323.4
Call number suffix गुप्तकै
Holdings
Withdrawn status Lost status Not for loan Collection code Home library Current library Date acquired Source of acquisition Cost, normal purchase price Full call number Barcode Copy number Cost, replacement price Koha item type
      Non-fiction Patel Nagar Patel Nagar 08/11/2024 DBAD 895.00 323.4 गुप्तकै HN-101109 1 895.00 Hindi Books

© Delhi Public Library
Hit Counter
free hit counter